Zmeny v oceňovaní vo vzťahoch medzi závislými osobami
Predpisy k problematike tzv. ceny obvyklej s ktorou súvisia mnohé daňové spory. Doplnenie smernice o transferovom oceňovaní. Východisko pre prijatie vyhlášky o princípe tvorby cien. Nová vyhláška o cenotvorbe. Väzba na zákon o daniach z príjmov a zákon o správe daní a poplatkov.
Salvato in:
| Autore principale: | |
|---|---|
| Natura: | Capitolo di libro |
| Lingua: | slovacco |
| Soggetti: | |
| Tags: |
Nessun Tag, puoi essere il primo ad aggiungerne!!
|
MARC
| LEADER | 00000naa a2200000 4500 | ||
|---|---|---|---|
| 001 | r037771 | ||
| 005 | 20230926082500.4 | ||
| 041 | 0 | |a slo | |
| 044 | |a SK | ||
| 245 | 1 | 0 | |a Zmeny v oceňovaní vo vzťahoch medzi závislými osobami |c Emil Burák |
| 520 | |a Predpisy k problematike tzv. ceny obvyklej s ktorou súvisia mnohé daňové spory. Doplnenie smernice o transferovom oceňovaní. Východisko pre prijatie vyhlášky o princípe tvorby cien. Nová vyhláška o cenotvorbe. Väzba na zákon o daniach z príjmov a zákon o správe daní a poplatkov. | ||
| 610 | 2 | 0 | |a oceňovanie transferové |
| 610 | 2 | 0 | |a normy právne |
| 610 | 2 | 0 | |a tvorba cien |
| 610 | 2 | 0 | |a smernice |
| 100 | 1 | |a Burák, Emil | |